<?xml version="1.0" encoding="UTF-8"?>
<record
    xmlns:xsi="http://www.w3.org/2001/XMLSchema-instance"
    xsi:schemaLocation="http://www.loc.gov/MARC21/slim http://www.loc.gov/standards/marcxml/schema/MARC21slim.xsd"
    xmlns="http://www.loc.gov/MARC21/slim">

  <leader>01614nam a22002777a 4500</leader>
  <controlfield tag="003">DO-SdBNP</controlfield>
  <controlfield tag="005">20240306114902.0</controlfield>
  <controlfield tag="008">161214b 1979 sp  00| 0 spa d</controlfield>
  <datafield tag="020" ind1=" " ind2=" ">
    <subfield code="a">8470830880  </subfield>
  </datafield>
  <datafield tag="020" ind1=" " ind2=" ">
    <subfield code="a">8470830880 (vol. 1)</subfield>
  </datafield>
  <datafield tag="040" ind1=" " ind2=" ">
    <subfield code="a">BPMSU</subfield>
    <subfield code="b">spa</subfield>
    <subfield code="c">BPMSU</subfield>
  </datafield>
  <datafield tag="082" ind1=" " ind2="4">
    <subfield code="a">398.2 </subfield>
    <subfield code="b">B499m 1979</subfield>
    <subfield code="2">22</subfield>
  </datafield>
  <datafield tag="100" ind1="1" ind2=" ">
    <subfield code="a">Bergua, Juan B.</subfield>
  </datafield>
  <datafield tag="245" ind1="1" ind2="0">
    <subfield code="a">Mitolog&#xED;a universal :</subfield>
    <subfield code="b">todas las mitolog&#xED;as y sus maravillosas leyendas /</subfield>
    <subfield code="c">Juan B. Bergua.</subfield>
  </datafield>
  <datafield tag="250" ind1=" " ind2=" ">
    <subfield code="a">3a ed.</subfield>
  </datafield>
  <datafield tag="260" ind1=" " ind2=" ">
    <subfield code="a">Madrid : </subfield>
    <subfield code="b">Bergua,</subfield>
    <subfield code="c">1979.</subfield>
  </datafield>
  <datafield tag="300" ind1=" " ind2=" ">
    <subfield code="a">v. :</subfield>
    <subfield code="c">17 cm.</subfield>
  </datafield>
  <datafield tag="490" ind1="0" ind2=" ">
    <subfield code="a">Tesoro literario,</subfield>
    <subfield code="v">30</subfield>
  </datafield>
  <datafield tag="500" ind1=" " ind2=" ">
    <subfield code="a">La biblioteca posee e vol. 1</subfield>
  </datafield>
  <datafield tag="505" ind1=" " ind2=" ">
    <subfield code="a">
v. 1 Mitolog&#xED;a griega y sus ciclos m&#xED;ticos y leyendas : Atenienses ; De la Argolide ; Corintias ; Tebanas ; Etolias ; Tesalias ; Tracias ; Espartanas ; Cretenses ; Mitolog&#xED;a romana : los grandes dioses ; Las divinidades menores ; Las leyendas populares. -- v.2 Mitolog&#xED;a c&#xE9;ltica ; Mitolog&#xED;a germ&#xE1;nica ; Mitolog&#xED;a eslava ; Mitolog&#xED;a lituana ; Mitolog&#xED;a finlandesa ; Mitolog&#xED;as asi&#xE1;ticas : Mitolog&#xED;a asirio-babil&#xF3;nica ; Mitolog&#xED;a fenicia ; Mitolog&#xED;a persa ; Mitolog&#xED;as de la India ; Mitolog&#xED;a de los Karfs ; Mitolog&#xED;a china ; Mitolog&#xED;a japonesa ; Mitolog&#xED;as africanas : Mitolog&#xED;as egipcias y de los negros africanos ; Mitolog&#xED;as americanas : de Am&#xE9;rica del Norte, de Am&#xE9;rica Central y de Am&#xE9;rica del Sur ; Mitolog&#xED;as de Ocean&#xED;a ; Mitolog&#xED;as b&#xED;blicas : del antiguo y del nuevo testamento.</subfield>
  </datafield>
  <datafield tag="590" ind1=" " ind2=" ">
    <subfield code="a">inventariado, 2024/VM</subfield>
  </datafield>
  <datafield tag="650" ind1=" " ind2="4">
    <subfield code="a">Mitolog&#xED;a</subfield>
  </datafield>
  <datafield tag="830" ind1=" " ind2="0">
    <subfield code="a">Tesoro literario</subfield>
    <subfield code="v">30</subfield>
  </datafield>
  <datafield tag="910" ind1=" " ind2=" ">
    <subfield code="a">VMateo V. Control de calidad. BPMSU</subfield>
  </datafield>
  <datafield tag="942" ind1=" " ind2=" ">
    <subfield code="2">ddc</subfield>
    <subfield code="c">BK</subfield>
  </datafield>
  <datafield tag="952" ind1=" " ind2=" ">
    <subfield code="0">0</subfield>
    <subfield code="1">0</subfield>
    <subfield code="2">ddc</subfield>
    <subfield code="4">0</subfield>
    <subfield code="7">0</subfield>
    <subfield code="8">CG</subfield>
    <subfield code="a">BPMET</subfield>
    <subfield code="b">BPMET</subfield>
    <subfield code="d">2016-12-14</subfield>
    <subfield code="e"> </subfield>
    <subfield code="l">0</subfield>
    <subfield code="o">BPMSU CG 398.2  B499m 1979</subfield>
    <subfield code="p">BPMSU16120315</subfield>
    <subfield code="r">2016-12-14</subfield>
    <subfield code="t">v.1</subfield>
    <subfield code="w">2016-12-14</subfield>
    <subfield code="y">BK</subfield>
  </datafield>
  <datafield tag="999" ind1=" " ind2=" ">
    <subfield code="c">12434</subfield>
    <subfield code="d">12434</subfield>
  </datafield>
</record>
